[Event "SVK-ch U14"]
[Site "Tatralandia"]
[Date "2024.04.10"]
[Round "7"]
[White "Andrascik, Jan"]
[Black "Sykora, Miro"]
[Result "1-0"]
[WhiteElo "1518"]
[BlackElo "1000"]
[PlyCount "83"]
[EventDate "2024.04.05"]
[EventType "swiss"]
[EventRounds "9"]
[EventCountry "SVK"]
[SourceTitle "CB16_2024"]
[SourceDate "2024.04.17"]
[SourceVersion "1"]
[SourceVersionDate "2024.04.17"]
[SourceQuality "1"]

1. d4 d5 2. c4 e6 3. Nc3 Nf6 4. Bg5 Be7 5. Nf3 0-0 6. e3 Nc6 7. Bd3 Na5 8. cxd5 exd5 9. e4 Nxe4 10. Bxe7 Qxe7 11. 0-0 Nxc3 12. bxc3 Bg4 13. h3 Bh5 14. Be2 Rac8 15. Re1 Rfd8 16. Bd3 Qd6 17. Bf5 Rb8 18. Re5 Bg6 19. Qd3 Re8 20. Rae1 Kf8 21. g4 Nc4 22. R5e2 Bxf5 23. Qxf5 g6 24. Rxe8+ Rxe8 25. Rxe8+ Kxe8 26. Qc8+ Ke7 27. Qxb7 a5 28. Qb1 Qf4 29. Qe1+ Kd6 30. Kg2 f6 31. Qe8 Qe4 32. Qd8+ Kc6 33. Qxf6+ Kd7 34. Qf7+ Kc6 35. Qxh7 Nd2 36. Qxg6+ Qxg6 37. Ne5+ Kb5 38. Nxg6 Kc6 39. f4 Kd6 40. f5 Ne4 41. h4 Kd7 42. h5 1-0